Революционная ситуация в России в 1859-1861 гг.: Сборник статей

Bibliographic Details
Language:Russian
Published: Москва, 1963
Subjects:
Format: MixedMaterials Book
KOHA link:https://koha.lib.tpu.ru/cgi-bin/koha/opac-detail.pl?biblionumber=16424

MARC

LEADER 00000nam0a2200000 4500
001 16424
005 20231030190532.0
035 |a (RuTPU)RU\TPU\book\16548 
035 |a BOOK00001236 
090 |a 16424 
100 |a 20011209d1963 k y0rusy50 ca 
101 0 |a rus 
102 |a RU 
105 |a a z 000zy 
200 1 |a Революционная ситуация в России в 1859-1861 гг.  |e Сборник статей 
210 |a Москва  |d 1963 
215 |a 459 с.  |c ил. 
610 1 |a история 
610 1 |a Россия 
610 1 |a 19 век 
610 1 |a революционное движение 
610 1 |a революционная ситуация 
675 |a 9(с)16  |v 3 
686 |a Т3(2)472  |v LBC/SL-A  |2 rubbk 
801 0 |a RU  |b 63413507  |c 20011209  |g PSBO 
801 2 |a RU  |b 63413507  |c 20080313  |g PSBO 
942 |c BK